Report of a survey of the universal primary education (U.P.E.) scheme, 1978 / (Record no. 23376)

MARC details
000 -LEADER
fixed length control field 00785nam a2200193Ia 4500
008 - FIXED-LENGTH DATA ELEMENTS--GENERAL INFORMATION
fixed length control field 210303s9999 xx 000 0 und d
016 ## - NATIONAL BIBLIOGRAPHIC AGENCY CONTROL NUMBER
Source reto2022b
040 ## - CATALOGING SOURCE
Original cataloging agency NLN
Language of cataloging English
Description conventions AACR2
110 ## - MAIN ENTRY--CORPORATE NAME
Corporate name or jurisdiction name as entry element OGUN State. Ministry of Finance and Economic Development. Statistics Division
245 #0 - TITLE STATEMENT
Title Report of a survey of the universal primary education (U.P.E.) scheme, 1978 /
Statement of responsibility, etc Ogun State. Ministry of Finance and Economic Development. Statistics Division
260 ## - PUBLICATION, DISTRIBUTION, ETC. (IMPRINT)
Place of publication Abeokuta, Ogun State :
Name of publisher Statistics Division Ministry of Finance and Economic Development,
Date of publication 1978.
300 ## - COLLATION
Pagination 51p. :
Other physical details map, tables. ; 33cm.
563 ## - BINDING INFORMATION
Binding note (pbk)
650 ## - TRACINGS
Main Subject Basic education
Subdivision (1st) Periodicals
942 ## - ADDED ENTRY ELEMENTS (KOHA)
Item type Government Document
Suppress in OPAC No
082 ## - DEWEY DECIMAL CLASSIFICATION NUMBER
Classification number 370.96692
086 ## - HOMEMADE CLASSIFICATION NUMBER
Classification number DT515Wn 8. 1.O27
Holdings
Not for loan Home library Current library Date acquired Full call number Koha item type
  LAGOS BRANCH National Library of Nigeria 04/03/2021 OD DT515Wn 8. 1.O27 Books

National Library of Nigeria OPAC is powered by Koha